Trouvez les joueurs masculins les plus titrés - Wimbledon - Statistiques

Statistiques générales
  • Ce quiz a été pris 55 fois
  • Le résultat moyen est 5 sur 6
Statistiques - réponses
Nombre et date de chaques victoires Origines Joueurs % Correct
8 victoires : 2003, 2004, 2005, 2006, 2007, 2009, 2012 et 2017 Suisse Roger Federer
100%
7 victoires : 2011, 2014, 2015, 2018, 2019, 2021 et 2022 Serbe Novak Djokovic
98%
5 victoires : 1976, 1977, 1978, 1979 et 1980 Suédois Björn Borg
93%
7 victoires : 1993, 1994, 1995, 1997, 1998, 1999 et 2000 Américain Pete Sampras
83%
3 victoires : 1981, 1983 et 1984 Américain John McEnroe
70%
3 victoires : 1985, 1986 et 1989 Allemand Boris Becker
69%
Aucun quiz correspondant
Distribution des résultats
% des personnes avec chaque résultat
Percentile par nombre de réponses
Votre historique - résultats
Vous n’avez pas pris ce quiz